000
00182 a2200097 4500
020
_a
9780593565612
041
_a
spa
100
_a
Murray,Diana
245
_a
Puerco pizza
942
_c
BK
999
_c
31590
_d
31588